000 00700nam a2200289Ia 4500
005 20260324112330.0
008 008 260324s9999 xx 000 0 eng d
020 _a9781032666334
037 _aEBOOK
040 _aCRL
040 _beng
040 _cCRL
041 _2eng
041 _aeng
084 _qCRL
100 _aCarl Waitz
_91142254
245 0 _aYouth Mental Health Crises and the Broken Social Link
245 2 _bA Freudian-Lacanian Perspective
260 _bTaylor and Francis
260 _c2024
365 _a
365 _b220
856 _uhttp://www.taylorfrancis.com/books/9781032666334
942 _cEBOOK
999 _c1731417
_d1731417